00846cam a22002654a 450000100090000000300050000900500170001400800410003101000170007202000360008902000360012504000130016104200080017404300120018205000200019408200200021410000250023424500720025926000600033130000230039150400510041465000570046565000220052265100360054411801964Nust20170111161433.0991004s2000 dcu b 001 0 eng  a 99050470  a0815764405 (cloth : alk. paper) a0815764391 (paper : alk. paper) aDLCcDLC apcc an-us---00aUA23b.O39 200000a355.033573bHAN1 aO'Hanlon, Michael E.10aTechnological change and the future of warfare /cMichael O'Hanlon. aWashington, D.C. :bBrookings Institution Press,c2000. ax, 208 p. ; 24 cm. aIncludes bibliographical references and index. 0aMilitary art and sciencexTechnological innovations. 0aWarxForecasting. 0aUnited StatesxMilitary policy.